000 00870cam a2200277 a 4500
001 17475
003 GBCCL
005 20241126110337.0
008 710716r19711894miu b 001 0ceng
010 _a 73129738
020 _z082542212X
035 _a(OCoLC)00151518
040 _aDLC
_cDLC
_dOCL
_dm.c.
_dLBB
049 _aLBBK
_aLBBC
_aLBBA
_c1-2
050 0 0 _aBS2440
_b.B7 1971
082 0 _a232.95
_bBRU
100 1 _aBruce, Alexander Balmain,
_d1831-1899.
_9591
245 1 4 _aThe training of the twelve /
_cby A. B. Bruce.
260 _aGrand Rapids, Mich. :
_bKregel Publications,
_cc1971.
300 _axiv, 552 p. ;
_c23 cm.
440 0 _aKregel reprint library
_9592
500 _aReprint of 4th ed., rev. and improved, 1894 by A.C. Armstrong & Son.
504 _aIncludes bibliographical references and index.
650 0 _aApostles.
_9593
942 _2ddc
_cBK
999 _c417
_d417